000
00341nam a22001577a 4500
005
20160629130435.0
008
160629b xxu||||| |||| 00| 0 eng d
041
_a
eng
082
_b
11035
100
_a
Ghosh, Dr.J
_9
3188
245
_a
Nurjahan
260
_b
Shashitya Sangeet
300
_a
104
650
_a
Management
_9
241
942
_c
BK
999
_c
4684
_d
4682